| 000 | 01042cam a22001814a 4500 | ||
|---|---|---|---|
| 005 | 20250605163454.0 | ||
| 008 | 250528s ||||||||||||||||||||||||d | ||
| 035 | _a19952 | ||
| 020 | _a195216792 | ||
| 040 |
_aGR-AtMCL _bgre _dGR-AtMCL _eAACR2 |
||
| 245 | 1 | _aHuman Development Report 2000 | |
| 260 |
_bOxford University Press, _c2000 |
||
| 300 | _a290 | ||
| 520 | _aThis book looks at human rights as an intrinsic part of development - and at development as a means to realizing human rights. Overview, Universal Declaration of Human Rights, Glossary on Human Rights and Human Development, The Ongoing Global Struggle for Human Rights, Struggles for Human Freedom, Inclusive Democracy Secures Rights, Rights Empowering People in the First Against Poverty, Using Indicators for Human Rights Accountability, Promoting Rights in Human Development, References, Special Contributions, Boxes, Tables, Figures, Human Development Indicators, Basic Indicators for Other UN Member Countries. | ||
| 942 | _cBK | ||
| 999 |
_c5190 _d5190 |
||